|
|
|
|
| LEADER |
00000nab#a22000007a#4500 |
| 001 |
arbauad002800 |
| 003 |
AR-BaUAD |
| 005 |
20250711110530.0 |
| 008 |
930903|||||||||###||||||b###|0###a|spa|| |
| 040 |
|
|
|a AR-BaUAD
|c AR-BaUAD
|b spa
|
| 245 |
1 |
0 |
|a Carta de Machu Picchu. Texto definitivo
|
| 300 |
0 |
|
|b fot.
|
| 500 |
|
|
|a Documento con los siguientes temas: diseño urbano y arquitectónico, recursos naturales y contaminación ambiental, crecimiento urbano, vivienda, transporte, preservación y defensa de los valores culturales y patrimonio histórico.
|
| 653 |
|
|
|a CARTA DE MACHU PICCHU
|
| 653 |
|
|
|a CONGRESOS
|
| 653 |
|
|
|a PERU
|
| 773 |
0 |
|
|t SUMMA
|g no. 124 [mayo 1978], p. 60-62
|
| 942 |
|
|
|c ARTI
|
| 952 |
|
|
|0 0
|1 0
|4 0
|7 0
|9 47720
|a AR-BAuAD
|b AR-BAuAD
|d 2025-07-11
|l 0
|p AAQA002800
|r 2025-07-11 11:05:30
|w 2025-07-11
|y ARTI
|
| 990 |
|
|
|a AQ197
|b TD
|
| 998 |
|
|
|a AAQ
|b BIBUN76
|
| 999 |
|
|
|c 27393
|d 27393
|